Normal view
MARC view
Entry Personal Name
001 - CONTROL NUMBER
- control field: 523295
003 - CONTROL NUMBER IDENTIFIER
- control field: OSt
005 - DATE AND TIME OF LATEST TRANSACTION
- control field: 20220930063637.0
008 - FIXED-LENGTH DATA ELEMENTS
- fixed length control field: 220930|| aca||aabn | a|a d
040 ## - CATALOGING SOURCE
- Original cataloging agency: OSt
- Transcribing agency: OSt
100 ## - HEADING--PERSONAL NAME
- Personal name: Bhargava Amit
670 ## - SOURCE DATA FOUND
- Source citation: Work cat.: (OSt)857136: Bhargava Amit, Study of campylobacter pyloridis and its association with gastritis and peptic ulcer disease, 1987
